000 00480nam a2200181Ia 4500
003 GCL
008 140319s9999 xx 000 0 ara d
040 _aGCL /
_cGCL
082 0 4 _a811.9
_bم ا
100 1 _aاحمد الجعفرى
245 1 0 _aمتاهات الذى غنى /
_cاحمد الجعفرى
300 _a170 ص
490 _a
650 0 4 _aالشعر العربى
650 0 4 _aالعصر الحديث
650 0 4 _aدواوين وقصائد
942 _2ddc
_cBK
999 _c37605
_d37605